[Event "FIDE Open"]
[Site "Voronezh"]
[Date "2017.06.18"]
[Round "7.43"]
[White "Makushin, Aleksandr"]
[Black "Knyazev, Pavel"]
[Result "0-1"]
[WhiteElo "1753"]
[BlackElo "1628"]
[Annotator ""]
[Source ""]
[Remark ""]

1.e4 c6 2.Nc3 d5 3.Nf3 dxe4 4.Nxe4 g6 5.Bc4 Bg7 6.O-O Nf6 7.Nxf6+
Bxf6 8.d4 O-O 9.Bh6 Bg7 10.Bxg7 Kxg7 11.h3 Nd7 12.Re1 Nb6 13.Bb3
Nd5 14.Qe2 e6 15.c4 Nf6 16.Qe5 Kg8 17.g4 Nd7 18.Qe3 b6 19.Rad1
Qf6 20.Ng5 Bb7 21.Ne4 Qe7 22.f4 Nf6 23.Ng3 Qc7 24.g5 Nd7 25.h4
Rae8 26.h5 c5 27.Re2 cxd4 28.Qxd4 Re7 29.Rde1 Qc5 30.Qxc5 Nxc5
31.Bc2 Rd7 32.b4 Nd3 33.Rd1 Rfd8 34.Red2 Bf3 35.Ne2 Bxe2 36.Rxe2
Nxf4 37.Ree1 Nxh5 38.Rxd7 Rxd7 39.Re5 Nf4 40.c5 bxc5 41.Rxc5
Rd5 42.Rc8+ Kg7 43.a4 Rxg5+ 44.Kf2 h5 45.Ra8 Rg2+ 46.Kf3 Rxc2
47.Kxf4 Rc4+ 0-1

[Event "FIDE Open"]
[Site "Voronezh"]
[Date "2017.06.18"]
[Round "7.44"]
[White "Moiseeva, Polina"]
[Black "Savoskin, Vladimir"]
[Result "0-1"]
[WhiteElo "1547"]
[BlackElo "1810"]
[Annotator ""]
[Source ""]
[Remark ""]

1.e4 e5 2.Nf3 Nc6 3.d4 exd4 4.Nxd4 Qf6 5.Be3 a6 6.Nc3 Bb4 7.Be2
Bxc3+ 8.bxc3 Nge7 9.O-O O-O 10.f4 d6 11.Rb1 Re8 12.Qd2 b5 13.Bf3
Bd7 14.Nxc6 Bxc6 15.Bd4 Qh6 16.Rbe1 Rad8 17.g3 Ba8 18.Be3 f5
19.Qd3 fxe4 20.Bxe4 Bxe4 21.Qxe4 Qf6 22.Bd4 Qf5 23.Qe6+ Qxe6
24.Rxe6 Nf5 25.Rfe1 Rxe6 26.Rxe6 b4 27.g4 Nxd4 28.cxd4 Kf7 29.f5
Rb8 30.Kf2 Rb5 31.Re3 Ra5 32.Ke2 Rxa2 33.Kd3 Ra3+ 34.Kd2 Rxe3
35.Kxe3 d5 0-1

[Event "FIDE Open"]
[Site "Voronezh"]
[Date "2017.06.18"]
[Round "7.45"]
[White "Stroganova, Karina"]
[Black "Denisenko, Dmitry"]
[Result "0-1"]
[WhiteElo "1711"]
[BlackElo "1628"]
[Annotator ""]
[Source ""]
[Remark ""]

1.d4 Nf6 2.Nf3 g6 3.c4 Bg7 4.g3 O-O 5.Bg2 e6 6.O-O d5 7.Nc3 Nc6
8.b3 Ne4 9.Bb2 Nxc3 10.Bxc3 Ne7 11.Rc1 Re8 12.Ne5 f6 13.Nd3 Rb8
14.c5 c6 15.Re1 Nf5 16.Bb2 Nh6 17.Qc2 Nf7 18.b4 e5 19.e4 dxe4
20.Rxe4 Bf5 21.Re2 e4 22.Nf4 e3 23.Qb3 exf2+ 24.Rxf2 Qd7 25.d5
Kh8 26.dxc6 bxc6 27.Bxc6 Qxc6 28.Qxf7 Rxb4 29.Qxa7 Bf8 30.Qf7
Rxb2 31.Rxb2 Bxc5+ 32.Rxc5 Qxc5+ 33.Rf2 Re1+ 34.Kg2 Be4+ 35.Kh3
Qf5+ 36.Kh4 Qg5+ 37.Kh3 Qh6+ 38.Kg4 f5+ 0-1

[Event "FIDE Open"]
[Site "Voronezh"]
[Date "2017.06.18"]
[Round "7.46"]
[White "Belov, Yury"]
[Black "Foshenko, Kirill"]
[Result "0-1"]
[WhiteElo "1567"]
[BlackElo "1710"]
[Annotator ""]
[Source ""]
[Remark ""]

1.d4 Nf6 2.f3 g6 3.e4 d6 4.Bb5+ c6 5.Bc4 Nbd7 6.c3 Bg7 7.Qb3
O-O 8.Bg5 Qc7 9.Bd3 e5 10.Ne2 a6 11.Nd2 b5 12.g4 h5 13.gxh5 Nxh5
14.O-O-O c5 15.dxc5 Nxc5 16.Qc2 Be6 17.Kb1 d5 18.exd5 Bxd5 19.Bxg6
fxg6 20.Qxg6 Qf7 21.Qd6 Bxa2+ 22.Ka1 Nb7 23.Qa3 Be6 24.Rhg1 Kh8
25.Ne4 Qxf3 26.N2g3 Nxg3 27.Nxg3 Qg4 28.h4 a5 29.b3 b4 30.Qb2
a4 31.Kb1 axb3 32.Qg2 bxc3 33.Rdf1 c2+ 34.Kc1 Ra1+ 35.Kd2 Qd4+
36.Ke2 Bc4# 0-1

[Event "FIDE Open"]
[Site "Voronezh"]
[Date "2017.06.18"]
[Round "7.47"]
[White "Polukhin, Alexander"]
[Black "Ryumshin, Vladislav"]
[Result "1-0"]
[WhiteElo "1670"]
[BlackElo "1603"]
[Annotator ""]
[Source ""]
[Remark ""]

1.d4 d5 2.Bf4 c6 3.Nf3 Bg4 4.e3 e6 5.c4 f5 6.Qb3 Qb6 7.c5 Qxb3
8.axb3 Nd7 9.b4 Bxf3 10.gxf3 a6 11.b5 cxb5 12.Bxb5 Rc8 13.Be2
Ngf6 14.h3 Be7 15.b4 O-O 16.Nc3 Nh5 17.Bh2 f4 18.Kd2 Bh4 19.Rhf1
fxe3+ 20.fxe3 Ra8 21.Rg1 Be7 22.Ra2 Nhf6 23.Rga1 Rac8 24.b5 axb5
25.Bxb5 Nxc5 26.dxc5 Bxc5 27.Be5 Bb4 28.Ra4 Bxc3+ 29.Bxc3 Rc5
30.Bd3 Rfc8 31.Bd4 R5c6 32.Ra7 Re8 33.Bb5 e5 34.Bb2 Rb6 35.Bxe8
Rxb2+ 36.Kc3 Rf2 37.Ra8 d4+ 38.Kd3 1-0

[Event "FIDE Open"]
[Site "Voronezh"]
[Date "2017.06.18"]
[Round "7.48"]
[White "Gaglazov, Mikhail"]
[Black "Titov, Oleg"]
[Result "0-1"]
[WhiteElo "1668"]
[BlackElo "1598"]
[Annotator ""]
[Source ""]
[Remark ""]

1.e4 e5 2.Nf3 Nc6 3.Bb5 a6 4.Bxc6 dxc6 5.Nc3 Qd6 6.d4 exd4 7.Qxd4
Qxd4 8.Nxd4 Bd7 9.Be3 O-O-O 10.O-O-O Nf6 11.f3 Bd6 12.Nce2 Rhe8
13.Bf2 c5 14.Nb3 b6 15.Bg3 Bc6 16.Rd2 Nh5 17.Bf2 Nf4 18.g3 Nh3
19.Nc3 f5 20.Re1 fxe4 21.Nxe4 Nxf2 22.Nxd6+ cxd6 23.Rxe8 Rxe8
24.Rxf2 Re1+ 25.Kd2 Rh1 26.Nc1 Kd7 27.Nd3 Ke6 28.Ke3 Kf5 29.c3
Bd5 30.a3 Bc4 31.Rd2 d5 32.f4 Bxd3 33.Rxd3 Rxh2 34.Rxd5+ Ke6
35.Rd2 Rxd2 36.Kxd2 Kf5 37.Ke3 Kg4 38.Kf2 c4 39.a4 g6 40.Kg2
h5 41.Kf2 Kh3 42.Kf3 a5 43.Kf2 Kg4 44.Kg2 h4 45.gxh4 Kxf4 46.Kh3
Kf3 47.h5 gxh5 48.Kh4 Ke3 49.Kxh5 Kd2 50.Kg5 Kc2 51.Kf4 Kxb2 0-1

[Event "FIDE Open"]
[Site "Voronezh"]
[Date "2017.06.18"]
[Round "7.49"]
[White "Kumakov, Ivan"]
[Black "Sych, Alina"]
[Result "1/2-1/2"]
[WhiteElo "1658"]
[BlackElo "1557"]
[Annotator ""]
[Source ""]
[Remark ""]

1.d4 f5 2.Bg5 h6 3.Bf4 Nf6 4.e3 d6 5.Bd3 e6 6.Nd2 Be7 7.Ngf3
O-O 8.O-O Nbd7 9.h3 Nb6 10.Bg3 Bd7 11.e4 fxe4 12.Nxe4 Bc6 13.Qe2
Qd7 14.Rfe1 Rae8 15.Nfd2 Nxe4 16.Nxe4 Bf6 17.Nxf6+ Rxf6 18.c3
Qe7 19.Qc2 Kh8 20.Bh4 g5 21.Bg3 Qg7 22.Re2 h5 23.Be4 Bxe4 24.Qxe4
Nd5 25.h4 gxh4 26.Qxh4 Qg4 27.Qxg4 hxg4 28.Re4 Rg6 29.Rae1 Kg7
30.Bf4 Kf7 31.g3 Nxf4 32.Rxf4+ Ke7 33.Rfe4 Kd7 34.Kf1 Rh8 35.Ke2
Rh2 36.Rf1 Rh3 37.Kd3 Rh2 38.Rf4 Rh3 39.Re1 Rh2 40.Rf7+ Kc6 41.Rf4
Kd7 42.Ree4 d5 43.Re1 1/2-1/2

[Event "FIDE Open"]
[Site "Voronezh"]
[Date "2017.06.18"]
[Round "7.50"]
[White "Kobozev, Aleksandr"]
[Black "Chekletsova, Darya"]
[Result "1/2-1/2"]
[WhiteElo "1497"]
[BlackElo "1657"]
[Annotator ""]
[Source ""]
[Remark ""]

1.e4 c5 2.c3 d5 3.exd5 Qxd5 4.d4 cxd4 5.cxd4 Nc6 6.Nf3 Nf6 7.Nc3
Qd8 8.d5 Nb8 9.Bf4 a6 10.Qb3 g6 11.Be2 Bg7 12.O-O O-O 13.Rfd1
Nh5 14.Be3 b5 15.d6 Be6 16.Qa3 exd6 17.Rxd6 Qc7 18.Bd4 Nc6 19.Qc5
Rfc8 20.Bxg7 Nxg7 21.Nd5 Bxd5 22.Qxd5 Ne7 23.Qd2 Rd8 24.Rd1 Rxd6
25.Qxd6 Qb7 26.Ne5 Rf8 27.Nd7 Ngf5 28.Nf6+ Kg7 29.Qe5 Nc6 30.Ne8+
Kg8 31.Nf6+ Kg7 32.Ne8+ Kg8 33.Nf6+ 1/2-1/2

[Event "FIDE Open"]
[Site "Voronezh"]
[Date "2017.06.18"]
[Round "7.52"]
[White "Ragimli, Deniz"]
[Black "Kuzminykh, Nikita"]
[Result "1/2-1/2"]
[WhiteElo "1648"]
[BlackElo "1511"]
[Annotator ""]
[Source ""]
[Remark ""]

1.d4 d5 2.Bg5 Nf6 3.Nd2 e6 4.e3 Be7 5.Bd3 O-O 6.f4 h6 7.Bh4 Nbd7
8.Nh3 c5 9.c3 b6 10.O-O Bb7 11.Nf2 c4 12.Bc2 b5 13.g4 Nxg4 14.Bxe7
Nxf2 15.Rxf2 Qxe7 16.Rg2 f5 17.Kh1 Rf6 18.Qe2 Kh7 19.Rag1 Nf8
20.Nf3 Rg6 21.Ne5 Rxg2 22.Qxg2 Rc8 23.Bd1 Bc6 24.Bh5 Be8 25.Nf7
Qf6 26.Nd6 Bxh5 27.Nxc8 a6 28.Nb6 g6 29.a4 Qd8 30.a5 Qd6 31.Nc8
Qc7 32.Nb6 Qd6 33.Nc8 Qc7 34.Nb6 Qd6 35.Rf1 Qe7 36.Qg3 Be2 37.Rf2
Bd3 38.h3 Be4+ 39.Kh2 Bb1 40.Rf1 Ba2 41.Rg1 Qf7 42.h4 Bb3 43.Qg2
Ba2 44.Nc8 Qc7 45.Nb6 Qf7 46.Ra1 Bb3 47.Rg1 Ba2 48.Qg3 Bb3 49.Qf2
Qf6 50.Qg3 Qf7 51.Kg2 Bc2 52.Kf2 Be4 53.Ke2 Bd3+ 54.Kd2 Be4 55.Qh2
Bf3 56.Rg3 Bh5 1/2-1/2

[Event "FIDE Open"]
[Site "Voronezh"]
[Date "2017.06.18"]
[Round "7.53"]
[White "Stroganov, Andrey"]
[Black "Smaleva, Stanislava"]
[Result "1-0"]
[WhiteElo "1879"]
[BlackElo "1446"]
[Annotator ""]
[Source ""]
[Remark ""]

1.d4 d5 2.c4 e6 3.Nf3 Nf6 4.g3 Bb4+ 5.Bd2 Be7 6.Bg2 O-O 7.O-O
Nbd7 8.cxd5 exd5 9.Nc3 c6 10.Qc2 Re8 11.Rfe1 Bf8 12.Rad1 g6 13.Bg5
h6 14.Bf4 Bg7 15.h4 Nb6 16.Qc1 Kh7 17.Ne5 Be6 18.e4 dxe4 19.Nxe4
Nxe4 20.Bxe4 Bxa2 21.h5 Bxe5 22.dxe5 Qc8 23.Kg2 Bd5 24.hxg6+
fxg6 25.Bxh6 Rxe5 26.Bxd5 Rxe1 27.Rxe1 Nxd5 28.Bf4 Nxf4+ 29.Qxf4
Qd7 30.Qh4+ Kg8 31.Re7 Qd5+ 32.Kh2 Qh5 33.Qxh5 gxh5 34.Rxb7 a5
35.Kh3 a4 36.Kh4 Ra5 37.f4 Rb5 38.Ra7 Rxb2 39.Rxa4 Rh2+ 40.Kg5
Rh3 41.Ra3 Kf7 42.f5 h4 43.Ra7+ Kf8 44.g4 Rh1 45.Kf6 Ke8 46.g5
h3 47.g6 h2 48.Rh7 c5 49.g7 Rg1 50.Rxh2 1-0

[Event "FIDE Open"]
[Site "Voronezh"]
[Date "2017.06.18"]
[Round "7.54"]
[White "Grishchenko, Vladimir"]
[Black "Ismailov, Samir"]
[Result "1-0"]
[WhiteElo "1939"]
[BlackElo "1517"]
[Annotator ""]
[Source ""]
[Remark ""]

1.e4 e5 2.Nf3 Nc6 3.Bb5 d6 4.c3 Bd7 5.O-O Be7 6.d3 Nf6 7.h3 O-O
8.Re1 a6 9.Ba4 Re8 10.Nbd2 b5 11.Bb3 Rb8 12.Nf1 b4 13.g4 h6 14.Ng3
Na5 15.Bc2 Be6 16.cxb4 Nb7 17.Kh2 c5 18.bxc5 dxc5 19.Qe2 Qc7
20.g5 Nh7 21.gxh6 Bf6 22.hxg7 c4 23.Nh5 cxd3 24.Bxd3 Be7 25.Rg1
Nc5 26.Bc4 Qc8 27.Bxe6 Qxe6 28.b3 Rb4 29.Ng3 Bd6 30.Bd2 Rb7 31.Nf5
Nf6 32.Nh6+ Kh7 33.Ng5+ 1-0

[Event "FIDE Open"]
[Site "Voronezh"]
[Date "2017.06.18"]
[Round "7.55"]
[White "Yudakov, Alexey"]
[Black "Badtrutdinova, Darya"]
[Result "0-1"]
[WhiteElo "1556"]
[BlackElo "1445"]
[Annotator ""]
[Source ""]
[Remark ""]

1.e4 c6 2.Nc3 d5 3.Nf3 dxe4 4.Nxe4 h6 5.d4 Bf5 6.Ng3 Bh7 7.Bd3
Bxd3 8.Qxd3 Nd7 9.O-O Ngf6 10.c3 e6 11.Ne4 Nxe4 12.Qxe4 Nf6 13.Qe2
Be7 14.Bf4 O-O 15.Ne5 Nd5 16.Bg3 Bf6 17.Ng4 Bg5 18.f4 Be7 19.Ne5
c5 20.dxc5 Bxc5+ 21.Kh1 Re8 22.Qb5 Bb6 23.Bf2 a6 24.Bxb6 axb5
25.Bxd8 Rexd8 26.a3 Ne3 27.Rf3 Nd1 28.b4 Nb2 29.h3 Rd2 30.Kg1
Rad8 31.Rf2 Rxf2 32.Kxf2 Nd1+ 33.Kf3 f6 34.Ng4 Nxc3 35.Rc1 Rd3+
36.Kf2 Ne4+ 37.Ke2 Rxa3 38.Rc8+ Kh7 39.Rc7 Rb3 40.Rxb7 Rxb4 41.Re7
f5 42.Ne5 Nc5 43.Rc7 Nb3 44.g3 Re4+ 45.Kd3 b4 46.Rc6 Nd4 47.Rc4
b3 48.Rb4 Ne2 49.Rxe4 fxe4+ 50.Kd2 Nxg3 51.Kc3 Ne2+ 52.Kxb3 Nxf4
53.h4 Ng6 0-1

[Event "FIDE Open"]
[Site "Voronezh"]
[Date "2017.06.18"]
[Round "7.57"]
[White "Smaleva, Veronika"]
[Black "Osipyan, Grigor"]
[Result "1-0"]
[WhiteElo "1163"]
[BlackElo "1452"]
[Annotator ""]
[Source ""]
[Remark ""]

1.e4 c5 2.Nc3 Nc6 3.g3 e6 4.Bg2 Nf6 5.Nge2 d5 6.exd5 exd5 7.d4
Be6 8.O-O Qd7 9.Re1 Be7 10.Be3 O-O 11.dxc5 Rfd8 12.Na4 Bf5 13.Nac3
Be6 14.a3 Ne5 15.b4 Nc4 16.Bd4 a5 17.Nf4 Rac8 18.Nxe6 fxe6 19.Bh3
Rc6 20.Qe2 Ne4 21.Qg4 Bf8 22.Nxe4 dxe4 23.Rxe4 Nd2 24.Rf4 Qxd4
25.Rxd4 Rxd4 26.Qe2 Ne4 27.Bg2 Ng5 28.Bxc6 bxc6 29.Rd1 Re4 30.Qd3
axb4 31.axb4 Rxb4 32.Qe3 h6 33.Kg2 Rc4 34.Rd8 Kf7 35.h4 Bxc5
36.Qd3 Rg4 37.hxg5 Rxg5 38.Qf3+ 1-0

[Event "FIDE Open"]
[Site "Voronezh"]
[Date "2017.06.18"]
[Round "7.59"]
[White "Rtischev, Maksim"]
[Black "Mikhalenko, Ivan"]
[Result "0-1"]
[WhiteElo "1132"]
[BlackElo "1137"]
[Annotator ""]
[Source ""]
[Remark ""]

1.e4 e5 2.Nf3 Nc6 3.Bc4 Nf6 4.Nc3 Nxe4 5.Nxe4 d5 6.Bxd5 Qxd5
7.Nc3 Qe6 8.O-O Qg6 9.Re1 Bh3 10.g3 O-O-O 11.Nxe5 Nxe5 12.Rxe5
Qc6 13.f3 Qb6+ 14.Kh1 Qf2 15.Re2 Bg2# 0-1

[Event "FIDE open"]
[Site "Voronezh"]
[Date "2017.06.18"]
[Round "7.1"]
[White "Peschansky, Mikhail"]
[Black "Lepaev, Andrey"]
[Result "1/2-1/2"]
[WhiteElo "2162"]
[BlackElo "2059"]
[Annotator ""]
[Source ""]
[Remark ""]

1.c4 Nf6 2.Nf3 c6 3.d4 d5 4.Qc2 g6 5.Nc3 Bg7 6.cxd5 cxd5 7.Bf4
O-O 8.e3 a6 9.Bd3 Nc6 10.a3 Qa5 11.O-O Nh5 12.Bg5 h6 13.Bh4 g5
14.Bg3 Nxg3 15.hxg3 Qd8 16.Rfd1 Bg4 17.Bf5 Bxf5 18.Qxf5 e6 19.Qg4
f5 20.Qh5 Qe8 21.Qxe8 Rfxe8 22.Na4 Na5 23.Nb6 Rad8 24.Nd2 Rd6
25.Na4 Rc6 26.b4 Nc4 27.Nc5 b5 28.Nxc4 bxc4 29.f4 Rb8 30.Rdb1
Bf8 31.Na4 Kf7 32.Kf2 Bd6 33.Ke2 Kg7 34.Kf2 Kf7 35.Ke2 Kg7 36.Kf2
Kf7 37.Ke2 Kg7 38.Kf2 Kf7 39.Ke2 Kg7 40.Kf2 Kf7 41.Ke2 Ra8 42.Rb2
Rg8 1/2-1/2

[Event "FIDE open"]
[Site "Voronezh"]
[Date "2017.06.18"]
[Round "7.3"]
[White "Chekletsov, Egor"]
[Black "Manukovsky, Vladimir"]
[Result "0-1"]
[WhiteElo "2070"]
[BlackElo "2200"]
[Annotator ""]
[Source ""]
[Remark ""]

1.e4 c5 2.Nf3 d6 3.c4 Nf6 4.Nc3 g6 5.d4 cxd4 6.Nxd4 Bg7 7.Be2
O-O 8.Be3 Nc6 9.O-O Bd7 10.f4 a6 11.Nb3 Rc8 12.c5 Be6 13.cxd6
exd6 14.Nd4 Nxd4 15.Bxd4 Bc4 16.Re1 Bxe2 17.Qxe2 Re8 18.Qf3 b5
19.a3 Rc4 20.Rad1 Rxd4 21.Rxd4 Qb6 22.Red1 Nxe4 23.Nxe4 Bxd4+
24.Kh1 Bxb2 25.h3 Rd8 26.f5 d5 27.fxg6 hxg6 28.Ng5 Bf6 29.Rxd5
Bxg5 30.Rxg5 Qd6 31.Qg3 Qxg3 32.Rxg3 Kg7 33.Rc3 Rd6 34.Kg1 Rf6
35.g4 Rf4 36.Kg2 Ra4 37.g5 Kf8 38.Re3 Rc4 39.Kg3 Rc6 40.Kf4 Rb6
41.Rc3 a5 42.Ke4 b4 43.axb4 axb4 44.Rb3 Ke7 45.Kd5 Rb5+ 46.Kc4
Rb7 47.Kd5 Rb5+ 48.Kc4 Rxg5 49.Kxb4 Rd5 50.Kc4 Rd7 51.Rf3 f5
52.h4 Kf6 53.Rg3 Rh7 54.Rh3 f4 0-1

[Event "FIDE open"]
[Site "Voronezh"]
[Date "2017.06.18"]
[Round "7.5"]
[White "Khajrutdinov, Ildar"]
[Black "Katkov, Vitaly"]
[Result "1-0"]
[WhiteElo "2087"]
[BlackElo "2054"]
[Annotator ""]
[Source ""]
[Remark ""]

1.d4 Nf6 2.c4 e6 3.Nc3 d5 4.cxd5 exd5 5.Bg5 Be7 6.e3 O-O 7.Bd3
b6 8.Bxf6 Bxf6 9.Qh5 g6 10.Qxd5 c6 11.Qxd8 Rxd8 12.Nge2 Ba6 13.Be4
Bxe2 14.Nxe2 a5 15.Rc1 Rd6 16.O-O Ra7 17.Bf3 Kg7 18.Nc3 Be7 19.d5
Na6 20.dxc6 Nc7 21.Rfd1 Ra8 22.Rxd6 Bxd6 23.Na4 Rb8 24.Rd1 Ne8
25.Nc3 Kf8 26.Nb5 Ke7 27.Kf1 Rd8 28.Nxd6 Nxd6 29.Ke2 f5 30.h4
Rc8 31.Rd4 Rc7 32.a4 Nf7 33.g3 Ne5 34.Bg2 Rc8 35.Rd2 Nxc6 36.Bxc6
Rxc6 37.Kd1 Ke6 38.Rd4 Rc5 39.Kd2 h6 40.Rd8 Rc4 41.b3 Rb4 42.Kc3
b5 43.axb5 Rxb5 44.h5 gxh5 45.Rh8 Rc5+ 46.Kd3 Rd5+ 47.Ke2 Rb5
48.Rxh6+ Kf7 49.Rxh5 Kg6 50.g4 Rxb3 51.Rxf5 a4 52.Ra5 a3 53.f4
Rb2+ 54.Kf3 a2 55.Ra6+ Kf7 56.f5 Rc2 57.g5 Rb2 58.Ra7+ Kf8 59.f6
Rb5 60.Ke4 1-0

[Event "FIDE open"]
[Site "Voronezh"]
[Date "2017.06.18"]
[Round "7.6"]
[White "Kazmin, Semen"]
[Black "Lebedev, Mikhail S."]
[Result "0-1"]
[WhiteElo "2086"]
[BlackElo "2041"]
[Annotator ""]
[Source ""]
[Remark ""]

1.e4 c5 2.Nf3 Nc6 3.d4 cxd4 4.Nxd4 Nf6 5.Nc3 e5 6.Ndb5 d6 7.Bg5
a6 8.Na3 b5 9.Nd5 Be7 10.Bxf6 Bxf6 11.c3 O-O 12.h4 Rb8 13.Nc2
Be7 14.Nce3 Be6 15.Qf3 Qd7 16.Rd1 Bd8 17.h5 h6 18.Nf5 Kh8 19.Nde3
Bc7 20.Rh3 Ne7 21.Rg3 Rg8 22.Bd3 Kh7 23.Bc2 a5 24.Nd5 Bxf5 25.exf5
f6 26.Nxe7 Qxe7 27.Be4 d5 28.Rxd5 Rgd8 29.Qe2 Rxd5 30.Bxd5 Bb6
31.Be4 b4 32.c4 Bd4 33.Bd5 a4 34.Qc2 b3 35.axb3 Qb4+ 36.Qd2 Bxf2+
37.Qc2 Bd4+ 0-1

[Event "FIDE open"]
[Site "Voronezh"]
[Date "2017.06.18"]
[Round "7.7"]
[White "Geranichev, Mikhail"]
[Black "Rozmetov, Aybek"]
[Result "1/2-1/2"]
[WhiteElo "2076"]
[BlackElo "1978"]
[Annotator ""]
[Source ""]
[Remark ""]

1.Nf3 b6 2.g3 Bb7 3.Bg2 Nf6 4.d3 e6 5.e4 d6 6.O-O Be7 7.Nbd2
O-O 8.Re1 c5 9.Nf1 Nbd7 10.Ne3 Rc8 11.b3 Qc7 12.Bb2 Rfd8 13.c4
Ne5 14.Qc2 Nc6 15.Rad1 a6 16.Qe2 b5 17.h4 b4 18.Bh3 h6 19.Ng4
Nxg4 20.Bxg4 Ra8 21.d4 e5 22.d5 Nd4 23.Nxd4 exd4 24.f4 Re8 25.Qd3
Bf6 26.Rd2 Re7 27.Bd1 Rae8 28.Bc2 g6 29.h5 Bc8 30.hxg6 fxg6 31.Rh2
h5 32.e5 Bf5 33.Qd1 Bg4 34.Qd3 Bf5 35.Qd1 Bg4 36.Qd3 Bf5 37.Qd1 1/2-1/2

[Event "FIDE open"]
[Site "Voronezh"]
[Date "2017.06.18"]
[Round "7.8"]
[White "Moiseenko, Andrey"]
[Black "Novikov, Sergey D"]
[Result "1/2-1/2"]
[WhiteElo "2010"]
[BlackElo "2061"]
[Annotator ""]
[Source ""]
[Remark ""]

1.e4 c5 2.Nf3 d6 3.d4 cxd4 4.Nxd4 Nf6 5.Nc3 g6 6.Be2 Bg7 7.O-O
O-O 8.Re1 Nc6 9.Nb3 Be6 10.Bf1 Rc8 11.Bg5 Qc7 12.Nd5 Bxd5 13.exd5
Ne5 14.c3 Rfe8 15.Qd2 Nc4 16.Bxc4 Qxc4 17.Rad1 Ne4 18.Qf4 Nxg5
19.Qxg5 Bf6 20.Qd2 Qa6 21.a3 Qb5 22.Qc2 Qa4 23.Nd4 Qxc2 24.Nxc2
Rc5 25.Ne3 Bg7 26.Nc2 Bf6 27.Ne3 Bg7 28.Nc2 Bf6 29.Ne3 1/2-1/2

[Event "FIDE open"]
[Site "Voronezh"]
[Date "2017.06.18"]
[Round "7.9"]
[White "Shishkin, Aleksey A."]
[Black "Mezhov, Dmitriy"]
[Result "1/2-1/2"]
[WhiteElo "2191"]
[BlackElo "1809"]
[Annotator ""]
[Source ""]
[Remark ""]

1.Nf3 Nf6 2.c4 c5 3.Nc3 e6 4.d4 cxd4 5.Nxd4 b6 6.Bf4 a6 7.e4
d6 8.Be3 Bb7 9.f3 Be7 10.Be2 O-O 11.O-O Nbd7 12.Qd2 Rc8 13.Rac1
Qc7 14.Rfd1 Qb8 15.b3 Bd8 16.Kh1 Bc7 17.Bg1 Rfd8 18.Qe1 Nf8 19.Bf1
Ng6 20.Rc2 Qa8 21.Rdc1 Re8 22.Nde2 Qb8 23.Qf2 h6 24.Na4 Nd7 25.Rd1
Ne7 26.Nac3 Red8 27.Rcd2 Qa8 28.h3 Nf6 29.Bh2 Qb8 30.Na4 Ba8
31.Bg1 Nd7 32.Bh2 Nf6 33.Bg1 Nd7 34.Bh2 Nf6 35.Bg1 Bb7 36.Nac3
Qa8 37.Na4 1/2-1/2

[Event "FIDE open"]
[Site "Voronezh"]
[Date "2017.06.18"]
[Round "7.12"]
[White "Garafutdinov, Ainur"]
[Black "Tatarintsev, Egor"]
[Result "1-0"]
[WhiteElo "1998"]
[BlackElo "2085"]
[Annotator ""]
[Source ""]
[Remark ""]

1.e4 e6 2.d4 d5 3.Nd2 dxe4 4.Nxe4 Bd7 5.c3 Bc6 6.Ng3 Nf6 7.Nf3
Nbd7 8.Bd3 Be7 9.Bd2 O-O 10.Qe2 Re8 11.O-O-O Bxf3 12.Qxf3 c5
13.Be3 Qa5 14.Kb1 Rec8 15.Ne4 c4 16.Nxf6+ Nxf6 17.Be4 Nxe4 18.Qxe4
Rc6 19.d5 f5 20.Qc2 Ra6 21.a3 e5 22.Bc1 Rf8 23.Rhe1 Bd6 24.f4
e4 25.g4 Rf6 26.gxf5 Bxa3 27.Qxe4 Bxb2 28.Bxb2 Qa2+ 29.Kc1 Qxb2+
30.Kxb2 Rfb6+ 31.Kc1 1-0

[Event "FIDE open"]
[Site "Voronezh"]
[Date "2017.06.18"]
[Round "7.13"]
[White "Pavlova, Natalia"]
[Black "Kozlov, Sergej A."]
[Result "0-1"]
[WhiteElo "1954"]
[BlackElo "2072"]
[Annotator ""]
[Source ""]
[Remark ""]

1.Nf3 e6 2.g3 f5 3.Bg2 Nf6 4.O-O d6 5.d4 Be7 6.b3 O-O 7.Bb2 Ne4
8.e3 Bf6 9.c4 Nc6 10.Nbd2 Nxd2 11.Qxd2 e5 12.d5 Ne7 13.Rac1 Qe8
14.c5 e4 15.cxd6 cxd6 16.Nd4 Nxd5 17.Ba3 Be7 18.Qa5 Nf6 19.Qc7
Qd8 20.Nb5 Nd5 21.Qxd8 Rxd8 22.Rfd1 Be6 23.Nd4 Kf7 24.Nxf5 Bxf5
25.Rxd5 Ke6 26.Rcd1 Rac8 27.Rxf5 Kxf5 28.Bh3+ Kg6 29.Bxc8 Rxc8
30.Rd4 Rc2 31.Rxe4 Kf7 32.Ra4 Rxa2 33.Rxa7 Ke6 34.Ra4 b5 35.Re4+
Kd7 36.Bb4 Bf6 37.Kg2 Rb2 38.h4 Rxb3 39.g4 Bxh4 40.Rd4 Be7 41.e4
Kc6 42.f4 Rb2+ 43.Kf3 Rc2 44.Rd3 Rc4 45.Bc3 g6 46.f5 gxf5 47.gxf5
b4 48.Bg7 Rc1 49.Ke2 Rc2+ 50.Kf1 Bh4 51.Rh3 Rf2+ 52.Kg1 Rf4 53.Rxh4
Rxh4 54.Kf2 Rxe4 55.f6 Kd7 56.Kf3 Re5 57.Kf4 Ke6 0-1

[Event "FIDE open"]
[Site "Voronezh"]
[Date "2017.06.18"]
[Round "7.14"]
[White "Rozmanov, Aleksandr"]
[Black "Chernov, Vladimir S"]
[Result "0-1"]
[WhiteElo "1928"]
[BlackElo "2045"]
[Annotator ""]
[Source ""]
[Remark ""]

1.e4 c5 2.Nf3 d6 3.d4 cxd4 4.Nxd4 Nf6 5.f3 g6 6.c4 Bg7 7.Be3
Nc6 8.Qd2 Be6 9.Be2 Qc7 10.b3 O-O 11.Nc3 a6 12.O-O Rac8 13.Rac1
Qa5 14.Rfd1 Nxd4 15.Bxd4 Rfe8 16.Qe3 Qh5 17.h3 Bh6 18.f4 Qh4
19.Rf1 Nh5 20.Bxh5 Qxh5 21.Ne2 Qa5 22.g4 Bg7 23.Bxg7 Kxg7 24.f5
Bd7 25.g5 gxf5 26.exf5 f6 27.Rf2 Qe5 28.Qxe5 dxe5 29.h4 Bc6 30.Rc3
Rcd8 31.Ng3 Rd4 32.Nh5+ Kf7 33.Rh3 Rg4+ 34.Kh2 fxg5 35.hxg5 Rxg5
36.f6 Reg8 37.fxe7+ Kxe7 38.Ng3 h5 39.Rf5 Rxf5 40.Nxf5+ Ke6 41.Ne3
Rg5 42.Rg3 Rxg3 43.Kxg3 Be4 44.Kh4 Bf3 45.b4 e4 46.b5 axb5 47.cxb5
Kd6 48.a4 Kc5 49.Nc2 Kc4 0-1

[Event "FIDE Open"]
[Site "Voronezh"]
[Date "2017.06.14"]
[Round "3.15"]
[White "Kazmin, Semen"]
[Black "Matveenko, Yury"]
[Result "1-0"]
[WhiteElo "2086"]
[BlackElo "1928"]
[Annotator ""]
[Source ""]
[Remark ""]

1.e4 c6 2.d4 d5 3.e5 Bf5 4.h4 h5 5.c4 e6 6.Nc3 Nd7 7.cxd5 exd5
8.Nf3 Be7 9.Bg5 Nf8 10.Be2 Ne6 11.Qd2 Bg4 12.Bxe7 Nxe7 13.Ng5
Bf5 14.Nxe6 Bxe6 15.g3 Qa5 16.O-O Nf5 17.Rfd1 g6 18.Bf3 Qd8 19.Ne2
Ng7 20.b4 a6 21.a4 Bf5 22.b5 Ne6 23.bxc6 bxc6 24.Rdc1 Rc8 25.Nf4
Ng7 26.Rc5 g5 27.hxg5 Qxg5 28.Qe3 Qe7 29.Rac1 Bd7 30.Nxd5 1-0

[Event "FIDE Open"]
[Site "Voronezh"]
[Date "2017.06.14"]
[Round "3.16"]
[White "Chekletsov, Egor"]
[Black "Neklyudov, Taras"]
[Result "1/2-1/2"]
[WhiteElo "2070"]
[BlackElo "1550"]
[Annotator ""]
[Source ""]
[Remark ""]

1.d4 f5 2.Bg5 Nf6 3.Nd2 d5 4.Bxf6 exf6 5.e3 Be6 6.Bd3 Bd6 7.Ne2
g6 8.c3 c6 9.h4 h5 10.Qc2 Nd7 11.O-O-O b5 12.f3 Nb6 13.e4 Nc4
14.Rde1 Ne3 15.Qb1 Qd7 16.exf5 gxf5 17.Ng3 Bxg3 18.Rxe3 Kf7 19.Kd1
Bf4 20.Re2 Bxd2 21.Kxd2 Qd6 22.Kd1 Qf4 23.Rhe1 Rae8 24.Qc2 Bd7
25.Rxe8 Rxe8 26.Rxe8 Kxe8 27.Qf2 Kf8 28.g3 Qh6 29.f4 Qh7 30.Be2
Be6 31.Qf3 Bf7 32.Qe3 Qg7 33.Ke1 Be8 34.Kf2 Qe7 35.Qxe7+ Kxe7
36.Ke3 Kd6 37.b3 Bf7 38.Kd2 a5 39.c4 b4 40.cxd5 cxd5 41.Bb5 Bg6 1/2-1/2

[Event "FIDE Open"]
[Site "Voronezh"]
[Date "2017.06.14"]
[Round "3.17"]
[White "Lepaev, Andrey"]
[Black "Badtrutdinova, Darya"]
[Result "1-0"]
[WhiteElo "2059"]
[BlackElo "1445"]
[Annotator ""]
[Source ""]
[Remark ""]

1.d4 d5 2.c4 Nc6 3.cxd5 Qxd5 4.Nf3 e6 5.a3 Nf6 6.Nc3 Qd8 7.g3
Nd5 8.Bg2 Nxc3 9.bxc3 Bd6 10.Bf4 O-O 11.O-O Qe7 12.Bxd6 Qxd6
13.Qc2 h6 14.Rfd1 b6 15.Ne5 Bb7 16.Qa4 Na5 17.e4 Qe7 18.c4 Nxc4
19.Qxc4 Rac8 20.Nc6 Bxc6 21.Qxc6 1-0

[Event "FIDE Open"]
[Site "Voronezh"]
[Date "2017.06.14"]
[Round "3.18"]
[White "Kocharyan, Hayk"]
[Black "Puchko, Nikolay"]
[Result "0-1"]
[WhiteElo "1604"]
[BlackElo "2154"]
[Annotator ""]
[Source ""]
[Remark ""]

1.c4 e5 2.g3 d5 3.cxd5 Qxd5 4.Nf3 Nf6 5.Nc3 Qa5 6.Bg2 Nc6 7.d3
g6 8.O-O Bg7 9.Bd2 Qb4 10.Nd5 Qd6 11.Nxf6+ Qxf6 12.h3 O-O 13.Bc3
Nd4 14.e3 Nxf3+ 15.Qxf3 Qxf3 16.Bxf3 Bxh3 17.Bxb7 Bxf1 18.Bxa8
Bxd3 19.Bc6 Rb8 20.e4 Rb6 21.Rd1 Rxc6 22.Rxd3 Rd6 23.Rxd6 cxd6
24.b4 Bf6 25.b5 Bd8 26.Bb4 Bc7 27.a4 Kf8 28.f4 exf4 29.gxf4 Ke8
30.Kf2 Kd7 31.Kf3 Ke6 32.a5 f5 33.Be1 d5 34.exf5+ gxf5 35.Bc3
d4 36.Bxd4 Bxa5 37.Bxa7 Kd5 38.Bf2 Bc7 39.Ba7 Bd6 40.Kg3 Ke4
41.b6 Bxf4+ 42.Kh3 Be3 43.Kh2 Kf3 44.Kh1 Ke2 45.Bb8 Bxb6 46.Kg2
Bf2 47.Bh2 Ke3 48.Bd6 Bh4 49.Bc7 Bf6 50.Kf1 Kf3 51.Kg1 Bg5 52.Bd6
Bf4 53.Bf8 h5 54.Kh1 Be5 55.Bh6 Bf4 56.Bf8 0-1